000 00626nam a2200229Ia 4500
003 OSt
005 20221007071921.0
006 a|||||r|||| 00| 0
007 ta
008 221006b |||||||| |||| 00| 0 eng d
024 _a26,677
037 _cTextual
040 _aFLL
_cFLL
_beng
041 _2eng
_aeng
082 _aZ3:5z7, H5;1
100 _aDavies D. Seaborne
_9689665
245 0 _aModern approach of criminal law
260 _aLondon
_bMacmillan and Co., Ltd. London
_c1945
300 _aix,1-511p
_ccm.
942 _hZ3:5z7, H5;1
_cTEXL
_2CC
999 _c1144660
_d1144660